| 000 | 01048 a2200217 4500 | ||
|---|---|---|---|
| 001 | 2421 | ||
| 005 | 20260407155423.0 | ||
| 008 | 260407a2006 arg spa d | ||
| 003 | AR-UNSa-BCEJYS | ||
| 040 |
_aAR-UNSa-BCEJYS _bspa _cAR-UNSa-BCEJYS |
||
| 080 |
_a94(74) _xHistoria de Latinoamerica |
||
| 245 | 1 | 0 |
_aPensadores latinoamericanos del siglo XX _pideas, utopía y destino |
| 020 | _a987-1013-51-5 | ||
| 264 | 1 |
_aBuenos Aires : _bInstituto Torcuato Di Tella _c2006 |
|
| 300 |
_a823 p. _c24 cm. |
||
| 505 | _a1. Nuesrta América, entre España y los Estados Unidos - 2. Las grandes corrientes de ideas con las que se pensó nuestra América - 3. Unidad hecha de diferencias y particularismos - 4. Utopías, pensadores y ensayo en nuestra América - 5. Pensadores Latinoamericanos del siglo XX | ||
| 942 | _cBK | ||
| 590 | _aniveau_biblio:m niveau_hierar:0 | ||
| 100 | 1 | _aPiñeiro Iñíguez, Carlos | |
| 856 | 4 | 1 |
_uhttps://biblioeco.unsa.edu.ar/pmb/images/libros/Pensadores latinoamericanos del siglo XX2-l117893.jpg _yImagen de portada _qimage/jpeg |
| 999 |
_c270 _d270 |
||